[Event "IOM chesscom Masters 2018"]
[Site "Douglas"]
[Date "2018.10.22"]
[Round "3.47"]
[White "Zumsande, Martin"]
[Black "Bellon Lopez, Juan Manuel"]
[Result "1-0"]
[WhiteElo "2458"]
[BlackElo "2342"]
[Annotator "M.K."]
[PlyCount "69"]
[EventDate "2018.10.17"]
[EventType "swiss"]
[EventCountry "GBR"]
[SourceTitle "playchess.com"]
[Source "ChessBase"]
[SourceQuality "1"]

{[%evp 13,69,12,21,12,43,41,49,37,57,64,46,58,57,48,106,106,130,129,135,127,
129,125,148,154,163,146,159,127,127,122,126,126,133,135,198,198,218,171,231,
181,154,155,162,163,478,483,476,460,1525,1509,1454,291,1414,1416,29980,5005,
29993,29994]} 1. e4 c5 2. c3 g6 3. d4 cxd4 4. cxd4 d5 5. e5 Bg7 6. Nc3 {
[%emt 0:00:02]} a6 (6... Nc6 7. f4 Nh6 8. Be2 O-O 9. Nf3 Bg4 10. Be3 e6 11. O-O
Bxf3 12. Bxf3 f6 13. exf6 Qxf6 14. g4 Nf7 {0-1 (49) Rodshtein,M (2699)
-Kuzmicz,K (2460) Katowice 2017}) 7. h3 Nc6 8. Be2 $146 (8. Be3 f6 9. f4 e6 10.
Nf3 Nge7 11. g4 O-O 12. Bg2 f5 13. g5 b5 {1/2-1/2 (41) Zelbel,P (2456)-De
Filomeno,S (2429) Katowice 2017}) 8... f6 9. f4 {[%cal Bf2f4,Bf4e5][%mdl 32]}
Nh6 10. g4 $1 fxe5 11. fxe5 Nf7 12. Nf3 b5 13. O-O Be6 (13... O-O $14) 14. Be3
$16 Qd7 {[#]} 15. Rc1 $1 O-O 16. Qd2 Rac8 17. Nd1 {[%cal Bc3d1,Bd1f2,Bf2d3]
[%mdl 32]} Nb8 18. Nf2 Rxc1 19. Rxc1 Rc8 20. Nd3 Rxc1+ 21. Qxc1 Qc6 22. Qd2 Bc8
23. Bd1 e6 {[#]} (23... Qc7 24. Nc5 e6 25. b4 $16) 24. h4 $18 Nd7 25. Bc2 a5 (
25... Bb7 26. h5 Bxe5 27. hxg6 hxg6 28. Nb4 Qc4 29. b3 Qc7 30. dxe5 Ndxe5 31.
Nxe5 Nxe5 32. Bf4 g5 33. Bxe5 Qxe5 34. Kf1 $16) 26. Bb1 b4 27. h5 gxh5 28. gxh5
Kh8 $2 (28... h6 29. Qg2 Ba6 30. Nh2 Bxd3 31. Bxd3 Qa4 32. b3 Qc6 33. Bc2 Nf8
34. Ng4 $18) 29. Nc5 h6 30. Nxd7 Qxd7 (30... Bxd7 $142 31. Qd3 Kg8 32. Qh7+ Kf8
33. Nh4 $18) 31. Qc2 {[%csl Gb1][%cal Rc2h7]} Kg8 32. Qh7+ Kf8 33. Nh4 Ng5 34.
Bxg5 (34. Ng6+ $142 Kf7 35. Bxg5 Qa7 36. Nh8+ Kf8 {[#]} 37. Be7+ $1 {[%mdl 512]
} Qxe7 38. Ng6+ Kf7 39. Nxe7) 34... hxg5 35. Ng6+ 1-0

[Event "IOM chesscom Masters 2018"]
[Site "Douglas"]
[Date "2018.10.21"]
[Round "2"]
[White "Tari, Aryan"]
[Black "Zumsande, Martin"]
[Result "1-0"]
[WhiteElo "2618"]
[BlackElo "2492"]
[Annotator "Matthias Krallmann"]
[PlyCount "91"]
[EventDate "2018.10.17"]
[EventType "swiss"]
[EventCountry "GBR"]
[SourceTitle "playchess.com"]
[Source "ChessBase"]
[SourceQuality "1"]

{[%evp 18,91,35,37,42,21,23,26,22,23,25,26,25,26,33,31,33,23,19,10,15,20,20,20,
27,23,22,21,25,20,26,12,22,0,33,31,32,35,37,27,77,72,75,73,77,69,102,19,41,39,
132,105,115,106,129,83,115,127,297,307,3255,2903,2447,2447,2019,1855,6170,2044,
29970,29971,29957,5424,5406,5397,29996,29997]} 1. e4 e6 2. d4 d5 3. Nc3 Nf6 4.
e5 Nfd7 5. f4 c5 6. Nf3 Nc6 7. Be3 a6 8. Ne2 Qb6 (8... b5 9. g3 Qa5+ 10. Kf2
Be7 11. h4 O-O 12. c3 b4 13. Qc2 bxc3 14. bxc3 f5 15. Nc1 Rb8 {1/2-1/2 (40)
Bacrot,E (2678)-McShane,L (2672) Batumi 2018}) 9. Qc1 f6 10. c3 Be7 11. exf6
Nxf6 12. dxc5 Bxc5 13. Bxc5 Qxc5 14. Ned4 O-O 15. Bd3 Bd7 16. O-O $146 Rae8 17.
Kh1 Qb6 18. a4 {[%cal Ba2a4,Ba4a5][%mdl 32]} Nxd4 19. Nxd4 {[#]} e5 $1 $11 20.
fxe5 Rxe5 21. a5 Qc5 22. Qf4 Rfe8 23. h3 Qe7 24. Rf3 Nh5 25. Qd2 {[#]} Qh4 (
25... g5 $5 {[%cal Rg5g4]} 26. Kg1 g4 27. hxg4 Bxg4 28. Rf2 Ng3 29. Qf4 Qh4 30.
Qf7+ Kh8 31. Qf6+ Qxf6 32. Rxf6 Rh5 33. Kf2 Nh1+ 34. Kg1 Ng3 $11) 26. Kh2 Nf6
27. Raf1 Ne4 28. Qe3 $40 {[%mdl 128] [#]} g6 (28... Qg5 29. Qxg5 Nxg5 30. R3f2
Ne4 31. Re2 $14) 29. Bxe4 dxe4 30. Rf7 R5e7 31. R1f4 Qh6 {[#]} 32. R7f6 (32.
Rxe7 $1 $16 Rxe7 33. b4) 32... Qg7 (32... Qh5 33. b4 Qe5 34. g3 Qh5 35. Rh4 Qd1
$11) 33. b4 Kh8 (33... Re5 $14) 34. Kg1 Qg8 35. Rf1 Kg7 36. Rd6 Rf7 37. Rf4
Ref8 $2 (37... Rxf4 38. Qxf4 Bc8 39. Qf6+ Kh6 40. Qf2 e3 41. Qf4+ Kg7 42. Nf5+
Bxf5 43. Qd4+ Kh6 44. Qh4+ Kg7 45. Qf6+ Kh6 46. Rd4 Re4 47. Rxe4 Bxe4 48. Qf4+
Kg7 49. Qxe4 $16) 38. Rxe4 $18 Bc8 $2 (38... Kh8 39. Kh2 Bf5) 39. Ne6+ Bxe6 40.
Qd4+ (40. Rexe6 Kh8 $18) 40... Kh6 41. Rdxe6 Rf1+ 42. Kh2 R8f5 43. Rh4+ Rh5 44.
Qe3+ Kg7 45. Rxh5 gxh5 46. Qg5+ 1-0

[Event "IOM chesscom Masters 2018"]
[Site "Douglas"]
[Date "2018.10.23"]
[Round "4"]
[White "Nakamura, Hikaru"]
[Black "Zumsande, Martin"]
[Result "1-0"]
[WhiteElo "2763"]
[BlackElo "2492"]
[Annotator "Matthias Krallmann"]
[PlyCount "105"]
[EventDate "2018.10.17"]
[EventType "swiss"]
[EventCountry "GBR"]
[SourceTitle "playchess.com"]
[Source "ChessBase"]
[SourceQuality "1"]

1. e4 e6 2. d4 d5 3. Nc3 Nf6 4. e5 Nfd7 5. f4 c5 6. Nf3 Nc6 7. Be3 Be7 8. Qd2
O-O 9. dxc5 Nxc5 10. O-O-O a6 11. Qf2 b6 12. Kb1 Qc7 13. Nd4 Bb7 14. Nxc6 Bxc6
15. Bd4 Bb7 16. Bd3 Rac8 (16... b5 17. Ne2 b4 18. Ng3 Rac8 19. f5 f6 20. exf6
Bxf6 21. Bxc5 Qxc5 22. Qxc5 Rxc5 23. fxe6 Re8 24. Rde1 g6 25. Rhf1 Kg7 26. Rf4
a5 27. Rg4 Kh8 28. Bxg6 hxg6 29. Rxg6 Be7 30. Nf5 d4 31. g4 a4 32. b3 a3 33.
Rh6+ Kg8 34. Rg6+ Kh8 35. Rh6+ Kg8 36. Rg6+ {1/2-1/2 (36) So,W (2773)-Nakamura,
H (2787) Saint Louis 2016 CBM 172 [Schulz,André]}) 17. Ne2 a5 18. Ng3 f5 19.
Nh5 Bc6 20. Qg3 Bd8 21. Be2 Ba4 22. Rc1 Ne4 23. Qe3 Bxc2+ 24. Ka1 Qd7 25. b3 a4
26. Kb2 {[#]} g6 (26... axb3 27. axb3 Be7 28. Rxc2 Ba3+ 29. Kb1 Rxc2 30. Kxc2
Rc8+ 31. Kb1 Bb4 32. Rc1 Bd2 33. Rxc8+ Qxc8 34. Qg1 Bc3 35. Bxc3 Nxc3+ 36. Kb2
Nxe2 $17) 27. Ng3 {[#]} a3+ (27... axb3 28. axb3 Nxg3 29. hxg3 Be4 30. Bb5 Qb7
31. Rxc8 Qxc8 32. Rc1 Qb7 33. Rc6 Be7 34. Rxb6 Qa8 35. Ba6 Rc8 36. Bxc8 Qa3+
37. Kc3 Qa5+ 38. b4 Qa2 39. Bxe6+ Kg7 40. Qf2 Qa3+ 41. Kd2 Qd3+ 42. Ke1 Qb1+
43. Ke2 Qd3+ $11) 28. Kxa3 Be7+ 29. Kb2 Nxg3 (29... Qa7 30. a4 Bxb3 31. Qxb3
Nc5 32. Qb5 Nxa4+ 33. Kb3 (33. Kb1 Bc5 34. Ba1 Ra8 35. Rc2 Be3 $17) 33... Nc5+
$11) 30. hxg3 Be4 31. Bxb6 Bxg2 32. Rxc8 Rxc8 33. Rc1 $16 Be4 34. Bd4 Bf8 35.
Rxc8 Qxc8 36. Qc3 Qd7 37. a3 g5 38. b4 gxf4 39. gxf4 Qg7 40. Bf2 Qh6 41. Qg3+
Kf7 42. Qh4 Qxh4 43. Bxh4 Bh6 44. Bg3 $18 Ke7 45. Kc3 Kd7 46. a4 Bf8 47. Bf2
Kc7 48. a5 Be7 49. b5 Kb8 50. a6 Bg2 51. Bd4 Bh3 52. b6 Bg4 53. Bb5 1-0

[Event "NordWest-Cup"]
[Site "Bad Zwischenahn"]
[Date "2019.01.27"]
[Round "7"]
[White "Meins, Gerlef"]
[Black "Charmeteau, Sven"]
[Result "1/2-1/2"]
[WhiteElo "2409"]
[BlackElo "2304"]
[Annotator "Sven Charmeteau"]
[PlyCount "132"]
[EventDate "2019.01.27"]

{Die längste Partie der 6. Runde endete kurz vor 15 Uhr, so dass die
Auslosung der 7. Runde wenige Minuten vor der Freigabe der Brettern erfolgen
konnte. Ohne mögliche Vorbereitung gehe ich also in die letzte Runde und muss
gegen Mannschaftskollegen Gerlef Meins antreten.} 1. d4 Nf6 2. c4 g6 3. Nc3 d5
4. Bf4 Bg7 5. e3 O-O 6. Nf3 c5 7. dxc5 Qa5 8. Rc1 Nc6 $2 {Eine schlechte
Ausführung meines Plans, mich schnell zu entwickeln und später die zentralen
Bauern abzuholen.} (8... dxc4 9. Bxc4 Qxc5 {ist die Hauptvariante.}) (8... Nbd7
9. cxd5 Ne4 {Gegen den losen c5-Bauern und mit dem Druck auf c3 hätte ich
spielen wollen.}) 9. cxd5 Rd8 10. Bc4 Qxc5 {[#]} 11. Bb3 {Solider Zug, jedoch
stand Weiß schon praktisch auf Gewinn.} (11. Nd2 $1 {und d5 kann ich nicht
ohne Materialverlust wiedergewinnen. Zur Veranschaulichung dieses starken
Zuges:} Na5 $2 12. Na4 Qb4 {ohne Schach in dieser Stellung!} 13. a3 $18) 11...
Na5 12. O-O Bg4 13. e4 {Weiß steht mit einem gesunden Mehrbauern besser. Aber
die schwarzen Figuren wirken sehr aktiv.} Qb4 {guckt auf e4 und indirekt auf
b2.} 14. Bc7 Rdc8 15. Bxa5 Qxa5 16. h3 (16. e5 Nd7 17. e6 Ne5 (17... fxe6 18.
h3 Bxf3 19. Qxf3 $16) 18. exf7+ Kh8 19. d6 exd6 20. Qd5 $16) 16... Bxf3 17.
Qxf3 Nd7 {Hier kann man schon erkennen, dass der schwarze Läufer besser als
der gegnerische ist und dass sich der Druck auf den Springer erhöht.} 18. Rfd1
Qb4 19. Qd3 (19. Qe2 $14) 19... Nc5 {[#]} 20. Qc4 $6 {Nach ungenauen Zügen
von Gerlef gerate ich in ein leicht besseres Endspiel, wo ich das Material
ausgleichen kann.} (20. Qe2 Nxb3 21. axb3 Bxc3 22. bxc3 Rxc3 23. Rxc3 Qxc3 24.
Qb5 b6 $11) 20... Qxc4 21. Bxc4 Bxc3 22. Rxc3 Nxe4 23. Rcc1 Kf8 24. Bb5 a6 (
24... Rxc1 25. Rxc1 Rd8 26. Rd1 (26. Rc7 Rxd5 27. Rxb7 Rd1+ 28. Kh2 Nd6 29.
Rb8+ Kg7 30. Ba6 Kf6 $15) 26... e6 27. Bc4 Nf6 28. d6 Ne4 29. f3 Nxd6 $17) 25.
Bd7 Rxc1 26. Rxc1 Rd8 27. Rc7 {[#]} a5 $1 (27... Nf6 28. Rc8 Rxc8 29. Bxc8 $11)
28. Ba4 (28. g3 h6 29. Kf1 $11) 28... Rxd5 29. Rxb7 Rd2 30. f3 Nc5 31. Rb8+ Kg7
32. Bc6 Nd3 33. Ra8 Nb4 {Ich wollte die a- und b-Bauern abholen, um meinem
Gegner kein Gegenspiel zu erlauben. Nichtsdestotrotz ist die Engine von einem
weißen freien a-Bauern nicht beeindruckt und greift lieber direkt mit Turm
und Springer die g- und h-Bauern an und bildet sich danach selber einen freien
h-Bauern.} (33... Nf4 $1 34. g4 Rxb2 35. Rxa5 Nxh3+ 36. Kf1 Kf6 37. a4 h5 $1
38. gxh5 gxh5 39. Rb5 (39. Rxh5 $4 Rb1+ $19) 39... Ra2 $19) 34. Bb5 Nxa2 35.
Bc4 Rxb2 36. Rxa5 Nc3 {Nun ist es mir klar geworden, dass ich auf zwei
Ergebnisse spiele.} 37. Ra3 Rc2 38. Bd3 Rc1+ 39. Kf2 Nd5 40. h4 h6 41. Rb3 Rh1
42. Kg3 f5 43. Rb5 {[#] Die Schlüsselstellung, wo ich noch die Möglichkeit
hatte, meinen Vorteil in einem vollen Punkt umzusetzen. Außerdem waren an
allen anderen wichtigen Brettern hinsichtlich des Turniersiegs die Partien
Remis ausgegangen, so dass die bestplatzierten Spieler insgesamt 5,5 Punkten
aus 7 geholt hatten. Mit 5 Punkten hatte ich also zu diesem Zeitpunkt die
Gelegenheit, das A-Open alleine mit 6 aus 7 zu gewinnen!} Nf6 $6 {Nach langen
Berechnungen spiele ich diesen relativ ruhigen Zug unzufrieden und hoffe, dass
ich später meine Stellung noch so verbessern kann, dass sich eine
Gewinnstellung ergibt. Leider für mich ist das eben meine letzte Chance
gewesen.} (43... f4+ $1 44. Kf2 e6 45. Bc4 (45. Be4 Ne3 46. g4 Rh2+ 47. Kg1
Rxh4 $19) 45... Ne3 $1 46. Rb4 (46. Bxe6 $4 Nd1+ $1 {Mit diesem Schach hatte
ich überhaupt nicht gerechnet!} (46... Rh2 $2 47. Bh3 $11) (46... Rf1+ $2 47.
Ke2 Rg1 48. Bh3 $11) 47. Ke2 Nc3+ $19) 46... Nxc4 47. Rxc4 Rxh4 48. Kg1 g5 49.
Rc7+ Kf6 50. Rh7 e5 51. Rh8 g4 52. fxg4 Rxg4 53. Rxh6+ Kf5 $19 {Und das
Turmendspiel ist gewonnen.}) (43... e6 $5 44. f4 Rd1 45. Rb3 Kf6 $19) 44. Rb7
Nh5+ 45. Kf2 Kf6 46. Rb6+ Ke5 47. Bf1 e6 48. Rb5+ Kf6 49. g3 f4 50. g4 Ng3 51.
g5+ Ke7 52. Bc4 (52. gxh6 $5 Kf6 (52... Rxf1+ $2 53. Kg2 Rd1 (53... Rh1 54. Rh5
gxh5 55. h7 Rxh4 56. h8=Q Nf5 $11) 54. Rb8 Rh1 55. h7 Rxh4 56. h8=Q Rxh8 57.
Rxh8 $11) 53. Bd3 Rxh4 54. Rb4 Nf5 55. h7 Rxh7 56. Rxf4 Rh2+ 57. Ke1 g5 $17)
52... hxg5 53. hxg5 Rc1 $2 (53... Rh2+ 54. Kg1 Rc2 55. Rb7+ Kd6 56. Bd3 Rc5 57.
Rb6+ Ke7 58. Rb7+ $11) 54. Bd3 Nf5 55. Rb7+ Kd6 56. Bxf5 gxf5 57. g6 Rc2+ 58.
Kf1 Ke5 {stellt zwar zwei Tempi ein, wird am Ergebnis aber nichts ändern.} (
58... Rc8 59. g7 e5 60. Rf7 Rg8 61. Ra7 (61. Rxf5 Rxg7 $15) 61... Ke6 62. Ra6+
Kf7 63. Ra7+ Kf6 64. Ra6+ Kxg7 65. Re6 $11) 59. g7 Rc8 60. Rf7 Rg8 61. Ke2 Kd6
62. Kd3 e5 63. Rxf5 Rxg7 64. Ke4 Re7 65. Rg5 Re8 66. Rh5 Re7 {Schade, dass ich
unter den ungewohnt besonders vorteilhaften Umständen des Turniers nur ein
Remis rausholen konnte. Aber auf der anderen Seite hätte ich eigentlich
bereits in der Eröffnung untergehen müssen. Die Buchholz-Wertung gibt mir im
Endeffekt einen hervorragenden 5. Platz und Gerlef, der stets an den
Spitzenbrettern gespielt hat den 2.! Dazu bekomme ich eine „Gutschrift“
von 39 Elopunkten, die mein schlechtes Turnier (-38 Elo) drei Wochen früher
in Frankreich bei einer Erkältung kompensieren.} 1/2-1/2

[Event "NordWest-Cup"]
[Site "Bad Zwischenahn"]
[Date "2019.01.27"]
[Round "6"]
[White "Charmeteau, Sven"]
[Black "Milov, Leonid"]
[Result "1-0"]
[WhiteElo "2304"]
[BlackElo "2464"]
[Annotator "Sven Charmeteau"]
[PlyCount "133"]
[EventDate "2019.01.27"]

{Nach 5 Runden spiele ich im schönen Bad Zwischenahn ungeschlagen mit zwei
Remisen gegen nominell stärkere Gegner ein sehr gutes Turnier. Mit einer
tiefen und gezielten Vorbereitung am Vorabend gehe ich optimistisch in den
letzten Spieltag.} 1. e4 c5 2. Nf3 e6 3. d4 cxd4 4. Nxd4 Nc6 5. Nc3 Qc7 6. Be3
a6 7. Qd2 Nf6 8. O-O-O Bb4 9. f3 O-O 10. g4 b5 11. g5 Nh5 12. Nde2 Rd8 13. a3
Ba5 14. b4 Bb6 15. Bxb6 Qxb6 {[#] Bisher war ich noch in meiner Vorbereitung,
ziehe den nächsten Zug aber zu schnell und vergesse einen wichtigen
Zwischenzug.} 16. Qd6 $2 (16. Ng3 g6 17. Nxh5 gxh5 18. Qd6 {Und die Stellung
ist aufgrund des Raumvorteils und die bessere Kontrolle der schwarzen Feldern
etwas angenehmer für Weiß.}) 16... Qe3+ {spielte mein Gegner nach langem
Nachdenken.} 17. Kb2 Qxg5 18. Ng3 $6 {Weiß findet kaum Kompensation für den
eingestellten Bauern und Schwarz steht schon besser.} (18. Rg1 Qe7 $17) 18...
Nf4 19. Rg1 Ng6 {[#]} 20. Nf5 $5 {Ein spekulatives Opfer, das mein Gegner
nicht optimal ausnutzen wird.} (20. f4 Qh4 21. f5 Nge5 $17) 20... Qxg1 21. Bxb5
(21. Qxc6 $2 {war meine ursprüngliche Überlegung, scheitert aber an:} Qa7 22.
Qd6 exf5 23. exf5 Nf8 $19) 21... Qb6 $6 {Mit dem Damenopfer hätte sich mein
Gegner einen eindeutigen Vorteil erspielt, auch wenn die weißen Springer noch
kurzfristig die Eröffnung von Linien verzögern und somit die Aktivität der
schwarzen Türmen einschränken können.} (21... Qxd1 22. Qxd1 axb5 23. Nd6 Ba6
$19) 22. Bxc6 Bb7 23. Ba4 {Dieser Zug wurde von meinem Gegner übersehen.
Eigentlich möchte man mit weniger Material Abtäusche weitestgehend vermeiden.
Doch nach dem Damentausch sind meine übrigen Figuren aktiver als nach dem
sonst möglichen Läufertausch.} Qxd6 24. Nxd6 Rab8 25. Ne2 {macht den Weg
für den c-Bauern frei.} Bc6 26. Bb3 Ne7 27. Nd4 Ba8 28. f4 Nc8 29. e5 Nxd6 30.
exd6 {[#]} Rb6 $2 {In Zeitnot verpasst Schwarz den Konter zum Angriff des
weißen d-Bauers.} (30... a5 31. b5 Rdc8 $19) 31. c4 $1 (31. Ne2 $2 Bf3 32. Bc4
Rc8 33. Bd3 Rxd6 $19) 31... Rxd6 32. c5 Rd5 33. Bxd5 Bxd5 34. a4 {Nun habe ich
mich objektiv dem Remis-Bereich angenähert. Die Stellung ist allerdings alles
andere von klar. Am Damenflügel kann ich mir einen freien Bauern bilden,
während mein Gegner mehr Tempi braucht um seinen Mehrbauern bemerkbar zu
machen.} Kf8 35. Ka3 (35. b5 axb5 36. axb5 Ra8 37. b6 Ra4 38. Nf5 Rxf4 39. Nd6
Rb4+ 40. Ka3 Rb3+ 41. Ka4 Rb2 42. Rxd5 exd5 43. b7 Rxb7 44. Nxb7 g5 45. Kb4 $11
) 35... Ra8 36. Nc2 (36. Nf5 f6 37. Nd6 $11) 36... Ke7 (36... a5 37. b5 Rc8 38.
b6 (38. Rxd5 $2 exd5 39. b6 Ke7 40. Nd4 Kd8 41. Nb5 Rxc5 42. b7 Rxb5 43. axb5
Kc7 $19) 38... Ke7 39. Ne3 Bf3 40. Rb1 d6 41. Nc4 dxc5 42. Nxa5 $11) 37. Ne3
Bf3 38. Rd3 (38. Rg1 g6 39. Nc4 $11) 38... Be4 39. Rd4 Bc6 40. Nc4 f6 41. Nb6
Rd8 {[#]} 42. b5 {opfert noch einen Bauern und setzt Schwarz bei der knapperen
Zeit unter Druck.} (42. Kb3 $11) 42... axb5 43. a5 Bb7 (43... e5 44. fxe5 fxe5
45. Rd2 e4 $19) 44. Rd6 (44. Kb4 d6 45. Kxb5 dxc5 46. Rxd8 Kxd8 47. Kxc5 $11)
44... g5 45. fxg5 fxg5 46. Kb4 Ba6 $2 (46... g4 47. Kxb5 Bc6+ 48. Kb4 (48. Rxc6
$2 dxc6+ 49. Kxc6 h5 $19) 48... h5 $17) 47. Nd5+ exd5 48. Rxa6 Rf8 49. Rh6 {
[#] Dieses Turmendspiel ist objektiv Remis. Jedoch spielt mein Gegner noch auf
Gewinn, wie er mir bei der Analyse mitgeteilt hat.} Rf1 50. a6 Kd8 51. c6 Kc7
$2 {Nach diesem Fehler kann nur noch Weiß gewinnen.} (51... dxc6 52. a7 Ra1
53. Rxh7 Kc8 54. Kc5 Ra6 55. Rg7 b4 56. Kxb4 d4 57. Kc4 Ra4+ 58. Kd3 g4 59. Kc2
Ra3 60. Kb2 Ra5 61. Kb3 c5 62. Kc4 Ra2 63. Kxc5 d3 64. Kc6 Ra6+ 65. Kb5 Ra1 66.
Rxg4 Rxa7 67. Rg8+ Kc7 68. Rg7+ Kb8 69. Rg8+ $11) 52. cxd7 Rb1+ 53. Kc5 Rc1+
54. Kxb5 Rb1+ 55. Kc5 {[#]} Ra1 $4 {Der letzte Fehler, der die Partie
einstellt. Trotzdem muss Weiß mit wenigen Minuten noch genaue Züge finden.} (
55... Rc1+ 56. Kd4 Rd1+ 57. Ke5 Re1+ $1 (57... Kxd7 $2 58. a7 Ra1 59. Kxd5 Ra5+
60. Ke4 Ke7 61. Rxh7+ Kf6 (61... Kd6 62. h3 Kc6 63. Rg7 $18) 62. Kd4 $18) 58.
Kf5 Kxd7 59. Kxg5 d4 60. a7 Re8 61. Kf4 Kc7 62. Rxh7+ Kc6 63. Rg7 d3 64. Rg3
Rf8+ $16) 56. Rd6 $1 Rc1+ 57. Kd4 $1 Kd8 58. Kxd5 (58. a7 Ra1 59. Rf6 $3 Kxd7 (
59... Rxa7 60. Rf8+ Kxd7 61. Rf7+ $18) 60. Rf8 Rxa7 61. Rf7+ $18) 58... Ra1 59.
Kc5 h5 60. Kb6 Rb1+ 61. Kc6 Ra1 62. Kb7 Rb1+ 63. Rb6 Rd1 64. a7 Rxd7+ 65. Kb8
Rxa7 66. Kxa7 Ke7 67. Rg6 {Nach einer langen und spannenden Partie gewinne ich
zum zweiten Mal bei langer Bedenkzeit gegen einen Großmeister! Außerdem war
diese Partie auch eine Revanche zu unserer ersten Begegnung beim GRENKE Open
in 2016, wo ich mich mit Remis in einem Endspiel mit Läufer und Springer
gegen Turm zufrieden stellen musste.} 1-0

[Event "Gibraltar Masters 15th"]
[Site "Caleta"]
[Date "2017.01.31"]
[Round "8"]
[White "Gopal, Geetha Narayanan"]
[Black "Caruana, Fabiano"]
[Result "0-1"]
[WhiteElo "2579"]
[BlackElo "2827"]
[Annotator "Luke McShane Gute Eröffnungen 17"]
[PlyCount "66"]
[EventDate "2017.01.24"]
[EventType "swiss"]
[EventRounds "10"]
[EventCountry "ENG"]
[SourceTitle "CBM 177"]
[Source "ChessBase"]
[SourceDate "2017.03.16"]
[SourceVersion "1"]
[SourceVersionDate "2017.03.16"]
[SourceQuality "1"]

{[%evp 0,106,19,31,34,19,13,4,85,56,49,14,48,18,54,42,48,30,9,19,24,20,18,5,6,
-21,25,12,5,10,25,-39,-9,-27,-19,-11,42,-22,-20,-35,-10,-9,0,0,-10,0,2,17,-10,
6,-49,-45,-37,-34,-34,-24,-27,-22,5,28,4,-160,-139,-157,-154,-165,-165,-165,
-188,-169,-177,-191,-192,-195,-207,-216,-194,-194,-198,-214,-206,-182,-200,
-203,-177,-197,-195,-200,-200,-333,-340,-342,-269,-315,-305,-308,-288,-458,
-547,-590,-650,-923,-1108,-1132,-1176,-1208,-1234,-1343,-1445]} 1. e4 e5 2. Nf3
Nc6 3. Bb5 g6 4. O-O Bg7 5. c3 a6 6. Ba4 d6 7. d4 Bd7 8. d5 Nce7 9. Bxd7+ Qxd7
10. c4 h6 {[#] Ohne einen weißfeldrigen Läufer, der das kritische Feld e6
deckt, darf man erst dann f5 spielen, wenn Springer g5 verhindert ist.} 11. Nc3
f5 12. Ne1 (12. exf5 gxf5 13. Nh4 Nf6 14. f4 e4 15. Be3 O-O 16. Ne2 c6 17. dxc6
bxc6 {mit einer komplexen, aber ausgeglichenen Stellung ½-½ (38) Adams,M 
(2745)-Carlsen,M (2863) Shamkir 2015}) 12... Nf6 13. f3 O-O 14. Nd3 {[#] Dies
ist kein konventioneller Königsinder. Der üblich Angriffsplan f4 nebst g5,g4
und g3 funktioniert nicht, da Weiß mit h3 den Königsflügel abschließt.
Doch Schwarz hat andere Trümpfe. Die Dame steht gut auf d7 und die Türme
sind bereits verbunden. Schwarz sollte nicht f4 spielen, sondern mit Tf7, Taf8
und Kh8 seine Figurenstellung verbessern. Am Damenflügel kann er mit c6 und
b5 Gegenspiel suchen.} g5 15. exf5 {Dieses Schlagen aus dem Zentrum heraus ist
nicht erzwungen.} (15. Bd2 Ng6 16. Nf2 f4 17. b4 Rf7 18. c5 Bf8 19. Na4 Re8 20.
Rc1 $14 {1/2-1/2 (48) Khalifman,A (2690)-Short,N (2676) Moscow 2001}) 15...
Qxf5 16. Nf2 b5 $1 {Der Start einer Sequenz von starken Zügen.} 17. Qe2 (17.
b3 e4 18. Ncxe4 Nfxd5 $13) 17... c6 18. Nfe4 (18. dxc6 $6 bxc4 19. Qxc4+ d5 {
Schwarz gewinnt den Bauern auf der c-Linie zurück und übernimmt die
Initiative.}) 18... Nxe4 19. Nxe4 bxc4 20. Nxd6 Qg6 21. Nxc4 cxd5 22. Nxe5 Qe6
{Weiß hat einen Bauern gewonnen aber Schwierigkeiten seine Figuren zu
koordinieren.} 23. Re1 (23. f4 Ng6 $1 {Schwarz steht besser}) 23... Nf5 24. Nd3
Qb6+ 25. Kh1 Rae8 26. Qf1 (26. Qxe8 $2 Rxe8 27. Rxe8+ Kh7 28. Re1 Qd4 29. Rd1
Qh4 {Schwarz gewinnt im Königsangriff.}) 26... Rxe1 27. Nxe1 Qg6 $1 {mit der
netten Idee Sg3 und Ld4} 28. Qd3 Bd4 29. g4 Re8 30. Be3 $2 {Weiß bricht unter
dem starken Druck zusammen.} (30. Qd1 $11) 30... Rxe3 31. Qxf5 Qxf5 32. gxf5
Bxb2 33. Rd1 Bc3 {Das Endspiel ist hoffnngslos für Weiß und Caruana
verwertete seinen Vorteil.} 0-1